ბათუმის შოთა რუსთაველის სახელმწიფო უნივერსიტეტის ბიბლიოთეკა

Evolution:The Triuph of an Idea (ბიბ.ჩანაწერი № 46531)

000 -LEADER
fixed length control field 00545nam a2200217Ia 4500
001 - CONTROL NUMBER
control field 13370
003 - CONTROL NUMBER IDENTIFIER
control field GE_BSU
008 - FIXED-LENGTH DATA ELEMENTS--GENERAL INFORMATION
fixed length control field 181216s||||||||xx |||||||||||||| ||und||
020 ## - INTERNATIONAL STANDARD BOOK NUMBER
International Standard Book Number 0434009091
040 ## - CATALOGING SOURCE
Transcribing agency GE_BSU
080 ## - UNIVERSAL DECIMAL CLASSIFICATION NUMBER
Universal Decimal Classification number 575
100 ## - MAIN ENTRY--PERSONAL NAME
Personal name Zimmer,Carl
245 ## - TITLE STATEMENT
Title Evolution:The Triuph of an Idea
245 ## - TITLE STATEMENT
Statement of responsibility, etc. Introduction by Stephen Jany Could. Foreword by Richard Hutton
260 ## - PUBLICATION, DISTRIBUTION, ETC.
Place of publication, distribution, etc. London
260 ## - PUBLICATION, DISTRIBUTION, ETC.
Name of publisher, distributor, etc. william Heineman
260 ## - PUBLICATION, DISTRIBUTION, ETC.
Date of publication, distribution, etc. 2001
300 ## - PHYSICAL DESCRIPTION
Extent 364p.ill.26cm.
653 ## - INDEX TERM--UNCONTROLLED
Uncontrolled term Evolution:The Triuph of an Idea
942 ## - ADDED ENTRY ELEMENTS (KOHA)
Koha item type წიგნი
ეგზემპლარები
Withdrawn status Lost status Damaged status Not for loan Date acquired Barcode Date last seen Price effective from Koha item type
        2018-12-17 36931 2018-12-17 2018-12-17 წიგნი